Reed's Advanced electrotechnology for marine engineers / (Record no. 3898)

000 -LEADER
fixed length control field 00512nam a22001697a 4500
008 - FIXED-LENGTH DATA ELEMENTS--GENERAL INFORMATION
fixed length control field 200707b ||||| |||| 00| 0 eng d
020 ## - INTERNATIONAL STANDARD BOOK NUMBER
International Standard Book Number 0900335416
082 00 - DEWEY DECIMAL CLASSIFICATION NUMBER
Classification number 621.3
Item number K891
100 ## - MAIN ENTRY--PERSONAL NAME
9 (RLIN) 1274
Personal name Kraal, Edmund G. R.
245 10 - TITLE STATEMENT
Title Reed's Advanced electrotechnology for marine engineers /
250 ## - EDITION STATEMENT
Edition statement 2nd ed.
260 ## - PUBLICATION, DISTRIBUTION, ETC. (IMPRINT)
Place of publication, distribution, etc London
Name of publisher, distributor, etc Reed
Date of publication, distribution, etc 1977
300 ## - PHYSICAL DESCRIPTION
Extent 664 p.
490 0# - SERIES STATEMENT
Series statement Reeds Marine Engineering and Technology Series;
Volume number/sequential designation Vol. 7
650 #0 - SUBJECT ADDED ENTRY--TOPICAL TERM
Topical term or geographic name as entry element Electrical Engineering
942 ## - ADDED ENTRY ELEMENTS (KOHA)
Item type Books
Holdings
Withdrawn status Lost status Source of classification or shelving scheme Damaged status Not for loan Permanent location Current location Date acquired Total Checkouts Full call number Barcode Date last seen Date last borrowed Koha item type
          IMU Kolkata IMU Kolkata 2020-07-07 2 621.3 K891 06953 2025-08-13 2025-08-01 Books
          IMU Kolkata IMU Kolkata 2020-07-07   621.3 K891 06954 2020-07-07   Books
          IMU Kolkata IMU Kolkata 2020-07-07   621.3 K891 06955 2020-07-07   Books
Designed and Maintained by IMU-KC Library, Kolkata Campus © Copyright All Rights Reserved

webs counters

Powered by Koha